Memurlar ve diğer kamu görevlilerinin soruşturulması usulleri (Record no. 3288)

MARC details
000 -BAŞLIK
Sabit Uzunlukta Kontrol Alanı 00860na a2200265 4500
001 - KONTROL NUMARASI
Denetim Alanı 17394
003 - KONTROL NUMARASI IDENTIFIER
Denetim Alanı MIRAKIL
005 - SON İŞLEM TARİHİ VE ZAMANI
Denetim Alanı 20181213154927.0
008 - SABİT-BOY VERİ ELEMANLARI - GENEL BİLGİLER
Sabit Uzunlukta Kontrol Alanı 161024b tu 000 0
020 ## - ULUSLARARASI STANDART KİTAP NUMARASI
Uluslararası Standart Kitap Numarası 9786055412203
040 ## - KATALOGLAMA KAYNAK
Orijinal Kataloglama Ajansı Milas
Kataloglama Dili tur
Metne Dönüştürmek Ajansı TR-AnCHP
041 ## - DİL KODU
Metin / Ses Parça Veya Ayrı Başlığın Dil Kodu tur
082 ## - DEWEY ONLU SINIFLANDIRMA NUMARASI
Sınıflandırma Numarası 342.06802632
Ürün Numarası T26m 2011
090 ## - SINIFLAMA NUMARASI
Sınıflama Numarası 342.06802632 T26m 2011
100 ## - ANA GİRİŞ - KİŞİSEL İSİM
Kişisel Ad Tarhan, R. Bülent
245 ## - BAŞLIK TABLOSU
Başlık Memurlar ve diğer kamu görevlilerinin soruşturulması usulleri
Başlığın Kalan (ilgili mevzuat, kararlar, belge örnekleri)
Sorumluluk Tablosu, Vb R. Bülent Tarhan
246 ## - UNVAN FORM VARYING
Başlık Doğru / Kısa Başlığı ilgili mevzuat, kararlar, belge örnekleri
250 ## - EDITION TABLOSU
Baskı Beyanı 2. bs.
260 ## - YAYIN, DAĞITIM, VB
Yayın, Dağıtım, Vb Yeri Ankara
Yayıncı, Dağıtıcı, Vs Adı Adalet Yayınevi
Yayın, Dağıtım, Vb Tarihi 2011
300 ## - FİZİKSEL TANIM
Kapsam xl, 790 s.
Boyutlar 14 sm.
490 ## - SERİSİ TABLOSU
Seri Beyanı Kanun Metinleri serisi
Hacim / Ardışık Tanımı 5
650 ## - KONU KATMA GİRİŞ - TOPİKAL DÖNEM
Topikal Süreli Veya Coğrafi Ad Giriş Elemanı Kamu personelleri
Genel Alt Bölümü Kanunlar
Coğrafi Alt Bölümü Türkiye
650 ## - KONU KATMA GİRİŞ - TOPİKAL DÖNEM
Topikal Süreli Veya Coğrafi Ad Giriş Elemanı Devlet memurları
Genel Alt Bölümü Kanunlar
Coğrafi Alt Bölümü Türkiye
942 ## - EKLENDİ GİRİŞ ELEMANLARI (KOHA)
Sınıflandırma Veya Raf Düzeni Kaynak Dewey Decimal Classification
Koha Öğesi Türü Books
999 ## - SİSTEM KONTROL NUMARALARI (KOHA)
Koha Biblionumber 3288
Koha Biblioitemnumber 3288
Holdings
Kalıcı Konum Mevcut Konum Edinme Tarihi Edinim Kaynak Toplam Check-Out'Lar Tam Çağrı Numarası Barkod Tarih Son Görülme İtibaren Geçerli Fiyatlar Koha Öğesi Türü
CHP Kütüphanesi CHP Kütüphanesi 10/24/2016 Bağış   342.06802632 T26m 2011 008138 10/24/2016 10/24/2016 Books